<?xml version="1.0" encoding="UTF-8"?>
<collection xmlns:xsi="http://www.w3.org/2001/XMLSchema-instance" xsi:schemaLocation="http://www.loc.gov/MARC21/slim http://www.loc.gov/standards/marcxml/schema/MARC21slim.xsd" xmlns="http://www.loc.gov/MARC21/slim">
 <record>
  <leader>00000cab a22000003a 4500</leader>
  <controlfield tag="001">UP-99796217611290059</controlfield>
  <controlfield tag="003">Buklod</controlfield>
  <controlfield tag="005">20231008001408.0</controlfield>
  <controlfield tag="006">a    grb    001 u|</controlfield>
  <controlfield tag="007">ta</controlfield>
  <controlfield tag="008">140602s        xx     d | ||r |||||   ||</controlfield>
  <datafield tag="040" ind1=" " ind2=" ">
   <subfield code="a">DENG</subfield>
  </datafield>
  <datafield tag="041" ind1=" " ind2=" ">
   <subfield code="a">eng</subfield>
  </datafield>
  <datafield tag="100" ind1="0" ind2=" ">
   <subfield code="a">Yang, Tao</subfield>
  </datafield>
  <datafield tag="245" ind1="0" ind2="0">
   <subfield code="a">Estimation of environmental flow requirements for the river ecosystem in the Haihe River Basin, China.</subfield>
  </datafield>
  <datafield tag="300" ind1=" " ind2=" ">
   <subfield code="a">pp. 699-707</subfield>
  </datafield>
  <datafield tag="520" ind1=" " ind2=" ">
   <subfield code="a">The temporal and spatial environmental flow requirements (EFRs) for the river ecosystem of the Haihe River Basin were analyzed based mainly on the eco-functional regionalization of available water resources. The annual EFRs for the river ecosystem of the Haihe River Basin were 47.71 × 108 m3, which accounted for 18% of the average annual flow (263.9 × 108 m3). The EFRs for river reaches, wetlands, and estuaries were 22.67, 15.32 and 9.72 × 108 m3, respectively. Moreover, the EFRs for the river ecosystem during the wet (June to October), normal (April, May, November), and dry (December to March) periods were 29.99, 9.51 and 8.21 × 108 m3, respectively. Thus, toward a more integrated water resource allocation in the Haihe River Basin, the primary effort should focus on meeting the EFRs for river systems located in protected areas during the dry period.</subfield>
  </datafield>
  <datafield tag="653" ind1=" " ind2=" ">
   <subfield code="a">Environmental flow requirements.</subfield>
  </datafield>
  <datafield tag="653" ind1=" " ind2=" ">
   <subfield code="a">Haihe River Basin.</subfield>
  </datafield>
  <datafield tag="653" ind1=" " ind2=" ">
   <subfield code="a">River ecosystem.</subfield>
  </datafield>
  <datafield tag="773" ind1="0" ind2=" ">
   <subfield code="t">Water Science and Technology</subfield>
   <subfield code="g">67, 4 (2013).</subfield>
  </datafield>
  <datafield tag="905" ind1=" " ind2=" ">
   <subfield code="a">FO</subfield>
  </datafield>
  <datafield tag="852" ind1=" " ind2=" ">
   <subfield code="a">UPD</subfield>
   <subfield code="b">DENG-II</subfield>
  </datafield>
  <datafield tag="942" ind1=" " ind2=" ">
   <subfield code="a">Article</subfield>
  </datafield>
 </record>
</collection>
